000 00421nam a2200133Ia 4500
005 20260328104315.0
008 260328s9999||||xx |||||||||||||| ||und||
100 _aFundación Juan March
245 0 _aArte, Paisaje, Arquitectura :
_b el Arte referido a la Arquitectura en la República Federal de Alemania /
_cFundación Juan March
260 _bFundación Juan March
300 _a187 p.
650 _aARTE
942 _cBK
999 _c11112
_d11112